Voivodeships of Poland - Statistics

General Stats
  • This quiz has been taken 78 times
  • The average score is 11 of 16
Answer Stats
Voivodeship % Correct
Silesian
93%
Lesser Poland
85%
Pomeranian
85%
Greater Poland
81%
Lublin
76%
Masovian
76%
Łódź
73%
Kuyavian-Pomeranian
69%
West Pomeranian
69%
Podkarpackie
66%
Lubusz
64%
Opole
63%
Świętokrzyskie
63%
Podlaskie
61%
Warmian-Masurian
58%
Lower Silesian
37%
No matching quizzes found
Score Distribution
Percent of People with Each Score
Percentile by Number Answered
Your Score History
You have not taken this quiz